Antología Sonora
Saved in:
| Hovedforfatter: | |
|---|---|
| Format: | Bog |
| Sprog: | engelsk |
| Udgivet: |
Tultepec
Producciones El Ave Azul
2008
|
| Fag: | |
| Tags: |
Tilføj Tag
Ingen Tags, Vær først til at tagge denne postø!
|
MARC
| LEADER | 00000nam a22000007a 4500 | ||
|---|---|---|---|
| 003 | CL-VaPUC | ||
| 005 | 20250324165429.0 | ||
| 008 | 200117b ||||| |||| 00| 0 eng d | ||
| 999 | |c 377546 |d 377544 | ||
| 020 | |a 978607000492 (o.g) | ||
| 020 | |a 9786070004872 (v.1) | ||
| 020 | |a 9786070004889 (v.2) | ||
| 020 | |a 978607000489 (v.3) | ||
| 020 | |a 9786070004902 (v.4) | ||
| 020 | |a 9786070004919 (v.5) | ||
| 040 | |c Pontificia Universidad Católica de Valparaíso | ||
| 082 | |a 785 MAR 2008 | ||
| 100 | 1 | |a Martínez Rodríguez, Jesús Alfredo |9 609613 | |
| 245 | |a Antología Sonora | ||
| 260 | |a Tultepec |b Producciones El Ave Azul |c 2008 | ||
| 300 | |a 5 v. | ||
| 505 | 0 | |a v.1 Piano solo. v.2 Acordeón solo. Marimba sola. Guitarra sola. v.3 Música para niños (30 Motivos para Volar). v.4 Duetos. v.5 Música de cámara. | |
| 583 | |c 20200302 | ||
| 650 | 0 | 0 | |a Antología sonora |9 608762 |
| 650 | 0 | 0 | |a Piano |9 331733 |
| 650 | 0 | 0 | |a Música para piano |9 306528 |
| 650 | 0 | 0 | |a Partituras |9 324008 |
| 942 | |2 ddc |c BK | ||
| 952 | |0 0 |1 0 |2 ddc |4 0 |6 785_000000000000000_MAR_2008 |7 0 |9 496346 |a BIBEDU |b BIBEDU |d 2020-01-17 |h v.5 |i 5615909 |o 785 MAR 2008 |p 5615909 |r 2023-01-12 |t 1 |w 2020-01-17 |y BK |k MUS | ||
| 952 | |0 0 |1 0 |2 ddc |4 0 |6 785_000000000000000_MAR_2008 |7 0 |9 497522 |a BIBEDU |b BIBEDU |d 2020-01-17 |h v.4 |i 5615895 |o 785 MAR 2008 |p 5615895 |r 2023-01-12 |t 1 |w 2020-01-17 |y BK |k MUS | ||
| 952 | |0 0 |1 0 |2 ddc |4 0 |6 785_000000000000000_MAR_2008 |7 0 |9 497523 |a BIBEDU |b BIBEDU |d 2020-01-17 |h v.3 |i 5615887 |o 785 MAR 2008 |p 5615887 |r 2023-01-12 |t 1 |w 2020-01-17 |y BK |k MUS | ||
| 952 | |0 0 |1 0 |2 ddc |4 0 |6 785_000000000000000_MAR_2008 |7 0 |9 497524 |a BIBEDU |b BIBEDU |d 2020-01-17 |h v.2 |i 5615879 |o 785 MAR 2008 |p 5615879 |r 2023-01-12 |t 1 |w 2020-01-17 |y BK |k MUS | ||
| 952 | |0 0 |1 0 |2 ddc |4 0 |6 785_000000000000000_MAR_2008 |7 0 |9 497525 |a BIBEDU |b BIBEDU |d 2020-01-17 |h v.1 |i 5615860 |o 785 MAR 2008 |p 5615860 |r 2023-01-12 |t 1 |w 2020-01-17 |y BK |k MUS | ||